Influence of the Peace of Stolbovo on Estonia and Livonia

Titel: Influence of the Peace of Stolbovo on Estonia and Livonia / Ülle Tarkiainen
Verfasser:
In: Sweden, Russia, and the 1617 Peace of Stolbovo, (2023), Seite 189-203
alle Artikel anzeigen
Veröffentlicht: 2023
Umfang: 3 Illustrationen
Format: Aufsatz
Sprache: Englisch
Schlagworte:
Kein Bild verfügbar
X
alg: 51651179
001A    $03025:22-03-24 
001B    $03025:22-03-24 $t13:59:41.000 
001D    $03025:22-03-24 
001U    $0utf8 
001X    $00 
002@    $0Aou 
002C    $aText $btxt $2rdacontent 
002D    $aohne Hilfsmittel zu benutzen $bn $2rdamedia 
002E    $aBand $bnc $2rdacarrier 
003@    $0516511793 
010@    $aeng 
010E    $erda 
011@    $a2023 $n2023 
021A    $aInfluence of the Peace of Stolbovo on Estonia and Livonia $hÜlle Tarkiainen 
028A    $BVerfasser $#Tarkiainen, Ülle $#Tarkiainen, Ülle Liitoja- $#Liitoja, Ülle $4aut $71036908186 $8Liitoja-Tarkiainen, Ülle$Z1957- [Tp1] $9325337349 
031A    $g15 $h189-203 $j2023 
034M    $a3 Illustrationen 
039B    $aEnthalten in $8--Aau--. Sweden, Russia, and the 1617 Peace of Stolbovo. - Turnhout, Belgium : Brepols, [2023]. - 396 Seiten. - Illustrationen, Diagramme, Karten. - ISBN 978-2-503-60100-7 $x202300000000000811 $9515786535 
044K    $#Ivan $#Иван <Грозный> IV $#Ivan  $#Ivan  $#Ivan  IV. $#Ivan  IV. $#Ivan  IV. $#Ivan  $#Ivan  $#Ivan Vasilʹevič  IV. $#Iwan  IV. $#Iwan Wassiljewitsch  IV. $#Iwan Basiliewiz  IV. $#Ioann  $#Joann  $#Joannes  $#Joannes  IV. $#Johannes  $#Ivan  IV. $#Ivan  $#Ivan  $#Iwan  $#Ivan  IV $#Ivan Vasilʹevič IV $#Ivan  4 $#Ivan  Zar $#Ivan  IV $#Ivan $7118556150 $8$PIwan$nIV.$lRussland, Zar$Z1530-1584 [Tp1] $9086897187 
044K    $RChesnecopherus, Nils $RDresser, Matthias $RGoclenius, Rudolf der Ältere $#Skytte, Johann $#Skytte, Jan $#Skytte, Joannes $#Skytte, Johannes $#Skytte, Johannes Bengtson Freiherr $#Skytt, Johann $#Skytt, Johannes $#Skytt, Jan $#Schroderi, Johannis $#Schroderus, Johan $#Schroderus, Johannes $#Schroderus Suecus, Johannes $#Schroderus, Johannes Suecus $#Schroderus, Johannes aus Nyköping $#Schroderus, Johannes aus Schweden $712457615X $8Skytte, Johan$Z1577-1645 [Tp1] $9155230425 
044K    $RĖstljandskaja Gubernija $RĖstonskaja SSR $#Estland $#Estland $#Estnische SSR $#Eesti $#Estonskaja SSR $#EV $#Estonia 1918 - 1940, 1991 - $#Republik Estland $#Eesti Vabariik $#Republic of Estonia $#Ėstonskaja Respublika $#Estnische Republik $#Estonia 1918-1940 ; ab 1991 $#Estonia $#Estonie $74015587-0 $8Estland [Tg1] $9085035777 
044K    $#Liivimaa $#Vidzeme $#Livonija $#Vidzeme $#Livonia $#Inflanty $74036075-1 $8Livland [Tg1] $9085097721 
044K    $#Sverigg $#Sweden $#Suède $#Konungariket Sverige $#Švecija $#Königreich Schweden $#Suecia $#Svezia $#Sverige $#Zviedrija $#Zweden $#Szwecja $#Kingdom of Sweden $74077258-5 $8Schweden [Tgz] $9085218812 
044K    $RVölkerrechtlicher Vertrag $RFriedensverhandlung $#Peace treaties $#Traités de paix $#Trattati di pace $#Tratados de paz $#Friedensvertrag $#Friedensschluss $#Friedensabkommen Völkerrecht $74127768-5 $8Friedensvertrag [Ts1] $9085440612 
044K    $RPolitik $RPolitische Geografie $#Geopolitics $#Géopolitique $#Geopolitica $#Geopolítica $#Geopolitik $#Geopolitik $#Weltpolitik $74156741-9 $8Geopolitik [Ts1] $9085671142 
044K    $RReform $#Reforma administrativa $#Verwaltungsreform $#Verwaltung Reform $#Verwaltung Modernisierung $74063353-6 $8Verwaltungsreform [Ts1] $908517758X 
044K    $RDemographie $#Bevölkerungsentwicklung $#Bevölkerungsentwicklung $#Bevölkerungsbewegung $#Demographische Entwicklung $#Demografische Entwicklung $#Demographische Bewegung $#Demografische Bewegung $#Demographischer Wandel $#Demografischer Wandel $#Bevölkerung Entwicklung $74006292-2 $8Bevölkerungsentwicklung [Ts1] $9085008796 
044K    $#Hanseatic League $#Ligue hanséatique $#Hanse $#Hanse $#Deutsche Hanse $#Hanseatic League $72038963-2 $8Hanse [Tb1] $9042901928 
044K    $RBildungspolitik $#Higher education and state $#Enseignement supérieur Politique publique $#Hochschulpolitik $#Hochschulpolitik $74113936-7 $8Hochschulpolitik [Ts1] $908533880X 
045F    $a900.9479809032 $eDDC23BSB 
045F/01 $a900 
045F/03 $f09032 
045F/03 $g4798 
045R    $aGeschichte 1617-1703 

lok: 51651179 78

exp: 51651179 78 1 #EPN
201B/01 $022-03-24 $t13:55:44.000 
201C/01 $022-03-24 
201U/01 $0utf8 
203@/01 $01258556499 
208@/01 $a22-03-24 $be 
209A/01 $a/ $f000 $x00 
209A/01 $ab*p $x01 
220C/01 $akoe 
247C/01 $82080>Marburg/Lahn, Herder-Institut, Forschungsbibliothek, Bibliographieportal $9336309341
LEADER 00000naa a2200000 c 4500
001 516511793
003 DE-603
005 20240322135941.0
007 tu
008 240322s2023 xx |||| | u00||u|eng c
035 |a (DE-599)HEB516511793 
040 |a DE-603  |b ger  |c DE-603  |d DE-603  |e rda 
041 |a eng 
082 0 4 |8 1\u  |a 900.9479809032  |q DE-101  |2 23/BSB 
085 |8 1\u  |b 900 
085 |8 1\u  |z 1  |s 09032 
085 |8 1\u  |z 2  |s 4798 
100 1 |a Liitoja-Tarkiainen, Ülle  |d 1957-  |e Verfasser  |4 aut  |0 (DE-603)325337349  |0 (DE-588)1036908186  |2 gnd 
245 0 0 |a Influence of the Peace of Stolbovo on Estonia and Livonia  |c Ülle Tarkiainen 
264 0 |c 2023 
300 |b 3 Illustrationen 
336 |a Text  |b txt  |2 rdacontent 
337 |a ohne Hilfsmittel zu benutzen  |b n  |2 rdamedia 
338 |a Band  |b nc  |2 rdacarrier 
600 0 7 |a Iwan  |b IV.  |c Russland, Zar  |d 1530-1584  |0 (DE-588)118556150  |0 (DE-603)086897187  |2 gnd 
600 1 7 |a Skytte, Johan  |d 1577-1645  |0 (DE-588)12457615X  |0 (DE-603)155230425  |2 gnd 
610 1 7 |a Hanse  |2 gnd  |0 (DE-588)2038963-2  |0 (DE-603)042901928 
648 7 |a Geschichte 1617-1703  |2 gnd 
650 7 |a Friedensvertrag  |0 (DE-588)4127768-5  |0 (DE-603)085440612  |2 gnd 
650 7 |a Geopolitik  |0 (DE-588)4156741-9  |0 (DE-603)085671142  |2 gnd 
650 7 |a Verwaltungsreform  |0 (DE-588)4063353-6  |0 (DE-603)08517758X  |2 gnd 
650 7 |a Bevölkerungsentwicklung  |0 (DE-588)4006292-2  |0 (DE-603)085008796  |2 gnd 
650 7 |a Hochschulpolitik  |0 (DE-588)4113936-7  |0 (DE-603)08533880X  |2 gnd 
651 7 |a Estland  |0 (DE-588)4015587-0  |0 (DE-603)085035777  |2 gnd 
651 7 |a Livland  |0 (DE-588)4036075-1  |0 (DE-603)085097721  |2 gnd 
651 7 |a Schweden  |0 (DE-588)4077258-5  |0 (DE-603)085218812  |2 gnd 
773 0 8 |i Enthalten in  |t Sweden, Russia, and the 1617 Peace of Stolbovo  |d Turnhout, Belgium : Brepols, [2023]  |h 396 Seiten, Illustrationen, Diagramme, Karten  |z 9782503601007  |g (2023), Seite 189-203  |w (DE-603)515786535 
924 0 |9 2080  |a (DE-603)1258556499  |b DE-2080  |c HES  |d d  |g /